000
00307nam a2200121Ia 4500
008
190216s9999||||xx |||||||||||||| ||und||
100
_a
"Edmund W Sinnott,Dunn L C,Theosius Dobzha N Sky"
245
0
_a
Principles Ofgentics
260
_b
Mcgraw -hill
_c
1958
300
_a
456p
650
_a
Botany
942
_c
BK
999
_c
1110
_d
1110